000 01782cam a2200349 4500
001 L129797
002 8294
008 050520n2005 000 0 eng u
020 _a1405118164
_a9780470759349
035 _a(Sirsi) u129797
041 _aeng
050 _a692.8
_c18
100 _aCarnell, Nicholas J.
245 _aCausation and delay in construction disputes
_h[electronic resource]
250 _a2nd ed.
260 _aOxford
_bBlackwell
_c2005
300 _aeBook
505 2 _aTime is Money -- Planning the Project -- During the Works -- Completion Dates -- Claim Preparation: Preliminary Considerations -- Legal Considerations -- Analysing the Causes of Delay: Planning and Networks -- Delay Analysis -- The SCL Protocol -- Presentation of the Claim -- Dispute Resolution
520 _aThis eBook analyses how construction projects become delayed and the measures which can be taken to avoid these problems. This second edition includes new case law introduced since 1999 and has chapters on risk allocations, adjudication and the Society of Construction Law delay protocol.
520 _aSupersedes first edition (ISBN 063203971X).
650 _aARBITRATION ACT 1996
650 2 4 _aEBOOK
650 _aHOUSING GRANTS, CONSTRUCTION AND REGENERATION ACT 1996
650 _aLATE PAYMENT OF COMMERCIAL DEBTS (INTEREST) ACT 1998
650 _aSALE OF GOODS ACT 1979
650 _aSUPPLY OF GOODS AND SERVICES ACT 1982
650 _aUNFAIR CONTRACT TERMS ACT 1977
650 _aSOCIETY OF CONSTRUCTION LAW DELAY AND DISRUPTION PROTOCOL
690 _aBUILT ENVIRONMENT-CONSTRUCTION MANAGEMENT-BUILDING CONTRACT ADMINISTRATION
856 4 8 _uhttps://www.vlebooks.com/
_zView on VLEbooks. Logins for members only from [email protected]
942 _n0
999 _c104280
_d104280